Boletín /
সংরক্ষণ করুন:
| সংস্থা লেখক: | |
|---|---|
| বিন্যাস: | গ্রন্থ |
| ভাষা: | Spanish |
| প্রকাশিত: |
Managua, Nicaragua
Comisión Nacional sobre Promoción y Protección de los Derechos Humanos,
|
| বিষয়গুলি: | |
| ট্যাগগুলো: |
ট্যাগ যুক্ত করুন
কোনো ট্যাগ নেই, প্রথমজন হিসাবে ট্যাগ করুন!
|
MARC
| LEADER | 00000nam a22000007a 4500 | ||
|---|---|---|---|
| 003 | cru CIDCACS/IIS | ||
| 005 | 20201106120249.0 | ||
| 008 | 201106n nq |||p|r||||||0| ||spa|d | ||
| 999 | |c 43487 |d 43487 | ||
| 040 | |c CRAI/IIS | ||
| 090 | |a REV0070 | ||
| 110 | 2 | |9 9711 |a Comisión Nacional sobre Promoción y Protección de los Derechos Humanos | |
| 245 | 1 | |a Boletín / |c Comisión Nacional sobre Promoción y Protección de los Derechos Humanos | |
| 260 | |a Managua, Nicaragua |b Comisión Nacional sobre Promoción y Protección de los Derechos Humanos, | ||
| 270 | |e Apdo. 2995 | ||
| 500 | |a EXISTENCIAS : 1985-1986 (3-7) 1987 (1, 2, 4) 1988 (1-5) 1989 (1, 2) 1990 (2) ESTADO DEL REGISTRO:Ya no se recibe | ||
| 650 | 4 | |9 3217 |a PROBLEMAS POLITICOS | |
| 650 | 0 | |9 137 |a REVOLUCION | |
| 650 | 0 | |9 38 |a DERECHOS HUMANOS | |
| 651 | 0 | |9 1861 |a NICARAGUA | |
| 942 | |2 ddc |c PP | ||
